MAASAI MARA UNIVERSITY

LIBRARY CATALOGUE

Contact Us: +254 020 2685356/7 or 0774 057787

Box: 861-20500, NAROK, KENYA

Email: info@mmarau.ac.ke

Research methods in psychology / (Record no. 23243)

MARC details
000 -LEADER
fixed length control field 01215pam a2200313 a 4500
001 - CONTROL NUMBER
control field 4944188
003 - CONTROL NUMBER IDENTIFIER
control field OSt
005 - DATE AND TIME OF LATEST TRANSACTION
control field 20170518102824.0
008 - FIXED-LENGTH DATA ELEMENTS--GENERAL INFORMATION
fixed length control field 960502s1997 nyua b 001 0 eng
010 ## - LIBRARY OF CONGRESS CONTROL NUMBER
LC control number 96022572
020 ## - INTERNATIONAL STANDARD BOOK NUMBER
International Standard Book Number 0070572720 (alk. paper)
040 ## - CATALOGING SOURCE
Original cataloging agency MMU
Transcribing agency MMU
Modifying agency MMU
Language of cataloging eng
050 00 - LIBRARY OF CONGRESS CALL NUMBER
Classification number BF76.5
Item number .S46 1997
082 00 - DEWEY DECIMAL CLASSIFICATION NUMBER
Classification number 150/.72
Edition number 20
100 1# - MAIN ENTRY--PERSONAL NAME
Personal name Shaughnessy, John J.,
Dates associated with a name 1947-
245 10 - TITLE STATEMENT
Title Research methods in psychology /
Statement of responsibility, etc. John J. Shaughnessy, Eugene B. Zechmeister.
250 ## - EDITION STATEMENT
Edition statement 4th ed.
260 ## - PUBLICATION, DISTRIBUTION, ETC. (IMPRINT)
Place of publication, distribution, etc. New York :
Name of publisher, distributor, etc. McGraw-Hill,
Date of publication, distribution, etc. c1997.
300 ## - PHYSICAL DESCRIPTION
Extent xvii, 524 p. :
Other physical details ill. ;
Dimensions 25 cm.
504 ## - BIBLIOGRAPHY, ETC. NOTE
Bibliography, etc Includes bibliographical references (p. 493-508) and indexes.
650 #0 - SUBJECT ADDED ENTRY--TOPICAL TERM
Topical term or geographic name as entry element Psychology
General subdivision Research
-- Methodology
Form subdivision Textbooks.
650 #0 - SUBJECT ADDED ENTRY--TOPICAL TERM
Topical term or geographic name as entry element Psychology, Experimental
Form subdivision Textbooks.
700 1# - ADDED ENTRY--PERSONAL NAME
Personal name Zechmeister, Eugene B.,
Dates associated with a name 1944-
856 42 - ELECTRONIC LOCATION AND ACCESS
Materials specified Publisher description
Uniform Resource Identifier <a href="http://www.loc.gov/catdir/description/mh022/96022572.html">http://www.loc.gov/catdir/description/mh022/96022572.html</a>
856 41 - ELECTRONIC LOCATION AND ACCESS
Materials specified Table of contents
Uniform Resource Identifier <a href="http://www.loc.gov/catdir/toc/mh022/96022572.html">http://www.loc.gov/catdir/toc/mh022/96022572.html</a>
906 ## - LOCAL DATA ELEMENT F, LDF (RLIN)
a 7
b cbc
c orignew
d 1
e ocip
f 19
g y-gencatlg
942 ## - ADDED ENTRY ELEMENTS (KOHA)
Source of classification or shelving scheme Library of Congress Classification
Koha item type L
Holdings
Withdrawn status Lost status Source of classification or shelving scheme Damaged status Not for loan Home library Current library Date acquired Source of acquisition Total Checkouts Full call number Barcode Date last seen Price effective from Koha item type
    Library of Congress Classification     Maasai Mara University Library -Main Campus Maasai Mara University Library -Main Campus 02/21/2017 Donation- T4C   BF76.5.S46 1997 17024567 02/21/2017 02/21/2017 L
© 2016 Maasai Mara University.